[Event "Copa Latinoamericana de Ajedrez 2011"]
[Site "Montevideo URU"]
[Date "2011.11.03"]
[Round "4.22"]
[White "Fabian, Gaston"]
[Black "Genta, Alejandro"]
[Result "1-0"]
[WhiteElo "2352"]
[BlackElo "2123"]
[PlyCount "69"]
[EventDate "2011.11.01"]
[EventType "swiss"]
[EventRounds "9"]
[EventCountry "URU"]
[Source "lmi"]
[SourceDate "2011.11.01"]

1. d4 d5 2. c4 e6 3. Nc3 Nf6 4. Nf3 Be7 5. Bg5 Nbd7 6. e3 O-O 7. Qc2 a6 8. Rd1
c6 9. Bd3 h6 10. Bh4 b5 11. b3 Re8 12. O-O Qa5 13. c5 Bd8 14. Bg3 b4 15. Na4
Bc7 16. e4 Bxg3 17. hxg3 dxe4 18. Bxe4 Qc7 19. Nb6 Ra7 20. Nc4 Rd8 21. Nd6 Nxe4
22. Qxe4 Nf6 23. Qh4 Ne8 24. Nc4 a5 25. Rfe1 Ba6 26. Nce5 Rda8 27. g4 f6 28.
Ng6 Bc8 29. Qh5 Qf7 30. Nf4 Qxh5 31. gxh5 Kf7 32. Nd2 Re7 33. Nc4 Nc7 34. Ng6
Rd7 35. Nb6 1-0

[Event "Copa Latinoamericana de Ajedrez 2011"]
[Site "Montevideo URU"]
[Date "2011.11.03"]
[Round "4.23"]
[White "Lopez Falcon, Jorge"]
[Black "Barrionuevo, Pablo"]
[Result "1-0"]
[WhiteElo "2126"]
[BlackElo "2336"]
[PlyCount "61"]
[EventDate "2011.11.01"]
[EventType "swiss"]
[EventRounds "9"]
[EventCountry "URU"]
[Source "lmi"]
[SourceDate "2011.11.01"]

1. d4 d5 2. c4 e6 3. Nc3 Nf6 4. Nf3 Bb4 5. Bg5 Nbd7 6. e3 c5 7. cxd5 exd5 8.
Bd3 Qa5 9. O-O O-O 10. Qc2 c4 11. Be2 Re8 12. Nd2 h6 13. Bh4 Bxc3 14. bxc3 Ne4
15. Nxe4 Rxe4 16. Bg3 Re8 17. Bf3 Nf6 18. Be5 Re6 19. Rfb1 Ne4 20. Rb4 Qa6 21.
Be2 Qc6 22. f3 Nd6 23. e4 dxe4 24. fxe4 Qxe4 25. Qxe4 Nxe4 26. Bxc4 Rb6 27. Rf1
Be6 28. d5 Bd7 29. d6 Be6 30. Bxe6 fxe6 31. Rxe4 1-0

[Event "Copa Latinoamericana de Ajedrez 2011"]
[Site "Montevideo URU"]
[Date "2011.11.03"]
[Round "4.24"]
[White "Larrea, Manuel"]
[Black "Daneri, Martin"]
[Result "1-0"]
[WhiteElo "2327"]
[BlackElo "2110"]
[PlyCount "61"]
[EventDate "2011.11.01"]
[EventType "swiss"]
[EventRounds "9"]
[EventCountry "URU"]
[Source "lmi"]
[SourceDate "2011.11.01"]

1. e4 e6 2. d4 d5 3. Nc3 Bb4 4. e5 c5 5. a3 Bxc3+ 6. bxc3 Qa5 7. Bd2 Qa4 8. h4
b6 9. h5 h6 10. Qg4 Kf8 11. Rh3 Ba6 12. Rg3 Rh7 13. Rf3 Qd7 14. Ne2 Ke8 15. Be3
Nc6 16. Qf4 cxd4 17. cxd4 Rc8 18. Bd2 Nd8 19. a4 Rxc2 20. Nc3 Bxf1 21. Kxf1 Ne7
22. Qe3 Rh8 23. Qd3 Rb2 24. Nb5 Nc8 25. Rc1 Nc6 26. Qc3 Rxd2 27. Qxd2 a6 28.
Rxc6 axb5 29. Rfc3 Ne7 30. Rc7 Qd8 31. Qc2 1-0

[Event "Copa Latinoamericana de Ajedrez 2011"]
[Site "Montevideo URU"]
[Date "2011.11.03"]
[Round "4.25"]
[White "Kasuo Okamura, Milton"]
[Black "Matsuura, Frederico"]
[Result "1-0"]
[WhiteElo "2107"]
[BlackElo "2314"]
[PlyCount "119"]
[EventDate "2011.11.01"]
[EventType "swiss"]
[EventRounds "9"]
[EventCountry "URU"]
[Source "lmi"]
[SourceDate "2011.11.01"]

1. d4 e6 2. c4 f5 3. Nf3 Nf6 4. g3 d5 5. Bg2 c6 6. O-O Bd6 7. b3 Qe7 8. Bb2 O-O
9. a3 b6 10. Ne5 Bb7 11. Nd2 Nbd7 12. Ndf3 Rac8 13. b4 Ne4 14. Rc1 Nxe5 15.
Nxe5 c5 16. b5 Bxe5 17. dxe5 d4 18. Qd3 Rcd8 19. Rfd1 Ng5 20. h4 Bxg2 21. Kxg2
Qb7+ 22. Kh2 Nf7 23. f4 Nh6 24. Kg1 Ng4 25. Qf3 Qxf3 26. exf3 Ne3 27. Rd3 Ra8
28. Bc3 a6 29. Bd2 axb5 30. cxb5 Nd5 31. Rc4 Ra7 32. a4 Rfa8 33. a5 Rxa5 34.
Bxa5 Rxa5 35. Rb3 Ra1+ 36. Kf2 Ra2+ 37. Ke1 Ne3 38. Rc1 c4 39. Rxe3 dxe3 40.
Rxc4 Rb2 41. Rc6 Rxb5 42. Rxe6 Rb2 43. Rc6 h5 44. Rc3 Rg2 45. Rxe3 Rxg3 46. Kf2
Rg6 47. Rb3 Kf7 48. Ke3 Rc6 49. Kd4 Ke6 50. Rb4 Kd7 51. Rc4 Re6 52. Kd5 Rg6 53.
Ra4 b5 54. Ra7+ Kc8 55. e6 Rg2 56. Kd6 Rd2+ 57. Ke7 b4 58. Rd7 Re2 59. Rd1 b3
60. Kf7 1-0

[Event "Copa Latinoamericana de Ajedrez 2011"]
[Site "Montevideo URU"]
[Date "2011.11.03"]
[Round "4.26"]
[White "Ulaneo, Nicolas"]
[Black "Leskovar, Matias"]
[Result "0-1"]
[WhiteElo "2106"]
[BlackElo "2280"]
[PlyCount "43"]
[EventDate "2011.11.01"]
[EventType "swiss"]
[EventRounds "9"]
[EventCountry "URU"]
[Source "lmi"]
[SourceDate "2011.11.01"]

1. d4 d5 2. c4 c6 3. Nf3 Nf6 4. e3 e6 5. b3 Nbd7 6. Bb2 a6 7. Bd3 b5 8. Nbd2
bxc4 9. bxc4 Rb8 10. Qc2 c5 11. O-O Bb7 12. Rab1 Be7 13. Ne5 O-O 14. cxd5 cxd4
15. Nc6 Bxc6 16. dxc6 Nc5 17. c7 Qxc7 18. exd4 Bd6 19. dxc5 Bxh2+ 20. Kh1 Qf4
21. Bxf6 Qh6 22. Bg5 0-1

[Event "Copa Latinoamericana de Ajedrez 2011"]
[Site "Montevideo URU"]
[Date "2011.11.03"]
[Round "4.27"]
[White "Izquierdo, Daniel"]
[Black "Colombo, Camila"]
[Result "1-0"]
[WhiteElo "2277"]
[BlackElo "2096"]
[PlyCount "95"]
[EventDate "2011.11.01"]
[EventType "swiss"]
[EventRounds "9"]
[EventCountry "URU"]
[Source "lmi"]
[SourceDate "2011.11.01"]

1. d4 Nf6 2. c4 g6 3. Nc3 Bg7 4. e4 d6 5. Nf3 O-O 6. Be2 e5 7. d5 a5 8. Bg5 Na6
9. Nd2 Qe8 10. Rb1 Bd7 11. b3 h6 12. Bh4 Nh7 13. a3 Nc5 14. b4 axb4 15. axb4
Na4 16. Qc2 f5 17. f3 Nf6 18. O-O Nh5 19. Rfc1 Nf4 20. Bf1 g5 21. Bf2 g4 22.
fxg4 Nxc3 23. Qxc3 fxe4 24. Nxe4 Bxg4 25. Qe3 Bf5 26. Ra1 Rxa1 27. Rxa1 Qg6 28.
Ng3 Bd3 29. Bxd3 Nxd3 30. Be1 e4 31. Rd1 Qf6 32. Qxe4 Qd4+ 33. Qxd4 Bxd4+ 34.
Kh1 Re8 35. Nf5 Bb6 36. Bg3 Nxb4 37. Nxh6+ Kh7 38. Ng4 Rf8 39. h4 Kg6 40. Kh2
Nc2 41. Kh3 Kh5 42. Rd2 Nd4 43. Rf2 Rf5 44. Nf6+ Kg6 45. Ne4 Nb3 46. Rb2 Na5
47. Nxd6 cxd6 48. Rxb6 1-0

[Event "Copa Latinoamericana de Ajedrez 2011"]
[Site "Montevideo URU"]
[Date "2011.11.03"]
[Round "4.28"]
[White "De Lima, Carlos Alexandre"]
[Black "Trois, Francisco R Terres"]
[Result "0-1"]
[WhiteElo "2106"]
[BlackElo "2275"]
[PlyCount "114"]
[EventDate "2011.11.01"]
[EventType "swiss"]
[EventRounds "9"]
[EventCountry "URU"]
[Source "lmi"]
[SourceDate "2011.11.01"]

1. e4 c6 2. d4 d5 3. exd5 cxd5 4. Nf3 Nc6 5. Bd3 Bg4 6. c3 e6 7. O-O Bd6 8. Re1
Nge7 9. Be3 Qc7 10. h3 Bf5 11. Bxf5 Nxf5 12. Nbd2 O-O 13. Nf1 b5 14. Bd2 a5 15.
Ne3 Nxe3 16. fxe3 f5 17. Rc1 a4 18. a3 h6 19. Rf1 Rf7 20. Ne1 Na5 21. Qe2 Qc4
22. Qh5 Raf8 23. Nf3 Qb3 24. e4 dxe4 25. Nh4 f4 26. Ng6 Rf5 27. Qe2 e3 28. Bxe3
R8f7 29. Bd2 Qd5 30. Rce1 Nc4 31. Bc1 f3 32. Rxf3 Rxf3 33. gxf3 Rxf3 34. Qxe6+
Qxe6 35. Rxe6 Rd3 36. Kf2 Rd1 37. Bf4 Kf7 38. Re4 Bxf4 39. Nxf4 Rd2+ 40. Ke1
Rxb2 41. Nd5 Nxa3 42. Re7+ Kf8 43. Ra7 Nc4 44. Kd1 Rh2 45. Kc1 Rxh3 46. Kc2
Rh2+ 47. Kb1 Rb2+ 48. Ka1 Rf2 49. Nc7 g5 50. Nxb5 g4 51. Nc7 g3 52. Ne6+ Ke8
53. Ng7+ Kd8 54. Ne6+ Kc8 55. Rc7+ Kb8 56. Rxc4 g2 57. Rb4+ Kc8 0-1

[Event "Copa Latinoamericana de Ajedrez 2011"]
[Site "Montevideo URU"]
[Date "2011.11.03"]
[Round "4.29"]
[White "Espinoza Palomino, Willyam"]
[Black "Coppola, Claudio"]
[Result "1/2-1/2"]
[WhiteElo "2273"]
[BlackElo "2092"]
[PlyCount "95"]
[EventDate "2011.11.01"]
[EventType "swiss"]
[EventRounds "9"]
[EventCountry "URU"]
[Source "lmi"]
[SourceDate "2011.11.01"]

1. e4 e5 2. Nf3 Nf6 3. Nxe5 d6 4. Nf3 Nxe4 5. Nc3 Nxc3 6. dxc3 Be7 7. Bf4 Nc6
8. Qd2 Be6 9. O-O-O Qd7 10. Kb1 Bf6 11. h3 a6 12. g4 O-O-O 13. Nd4 Bd5 14. Rg1
Ne5 15. Be2 Nc4 16. Qd3 Ne5 17. Qg3 g5 18. Bxg5 Bxg5 19. f4 Bf6 20. g5 Bg7 21.
fxe5 Bxe5 22. Qf2 Kb8 23. Nf3 Bxf3 24. Qxf3 h6 25. Rg4 hxg5 26. Rb4 c5 27. Rb3
Ka7 28. Bf1 f5 29. Bg2 b6 30. a4 Rh4 31. Rf1 Rf4 32. Qd5 Rxf1+ 33. Bxf1 Qb7 34.
Qe6 Rf8 35. Bc4 Qg7 36. Bd5 g4 37. hxg4 fxg4 38. c4 g3 39. a5 Qf7 40. axb6+ Kb8
41. Rf3 Qxe6 42. Rxf8+ Qc8 43. Rxc8+ Kxc8 44. b7+ Kb8 45. b3 Ka7 46. Kc1 Kb8
47. Kd2 Kc7 48. Bg2 1/2-1/2

[Event "Copa Latinoamericana de Ajedrez 2011"]
[Site "Montevideo URU"]
[Date "2011.11.03"]
[Round "4.30"]
[White "Lacayo, Rene"]
[Black "Cervetto, Esteban"]
[Result "1/2-1/2"]
[WhiteElo "2264"]
[BlackElo "2076"]
[PlyCount "47"]
[EventDate "2011.11.01"]
[EventType "swiss"]
[EventRounds "9"]
[EventCountry "URU"]
[Source "lmi"]
[SourceDate "2011.11.01"]

1. d4 Nf6 2. c4 g6 3. Nc3 Bg7 4. e4 d6 5. Be2 O-O 6. Nf3 e5 7. Be3 Ng4 8. Bg5
f6 9. Bh4 g5 10. Bg3 Nh6 11. dxe5 dxe5 12. h3 Be6 13. Qb3 Qc8 14. O-O Nf7 15.
Nd5 Re8 16. Rfd1 Nd7 17. Nd2 Bf8 18. Nf1 Bc5 19. Nfe3 c6 20. Nc3 Bxe3 21. fxe3
b5 22. Qc2 bxc4 23. Na4 Nb6 24. Nc5 1/2-1/2

[Event "Copa Latinoamericana de Ajedrez 2011"]
[Site "Montevideo URU"]
[Date "2011.11.03"]
[Round "4.31"]
[White "Schuh, Astor Jose"]
[Black "Cuevas Araya, Walter"]
[Result "1/2-1/2"]
[WhiteElo "2094"]
[BlackElo "2259"]
[PlyCount "91"]
[EventDate "2011.11.01"]
[EventType "swiss"]
[EventRounds "9"]
[EventCountry "URU"]
[Source "lmi"]
[SourceDate "2011.11.01"]

1. e4 c6 2. d4 d5 3. exd5 cxd5 4. Nf3 Nf6 5. c4 Nc6 6. cxd5 Nxd5 7. Nc3 Bg4 8.
Bb5 Rc8 9. h3 Bxf3 10. Qxf3 e6 11. Nxd5 exd5 12. O-O Be7 13. Be3 O-O 14. Rac1
a6 15. Bxc6 Rxc6 16. Rxc6 bxc6 17. Qe2 Qb6 18. Rc1 Bd6 19. Qc2 Rc8 20. a3 Bf8
21. b4 a5 22. bxa5 Qxa5 23. a4 h6 24. Qf5 Re8 25. Qc2 Rc8 26. Qf5 Rd8 27. Qc2
Rd6 28. Bd2 Qa6 29. Bb4 Rg6 30. Bxf8 Kxf8 31. Qc5+ Kg8 32. Re1 Qxa4 33. Re8+
Kh7 34. Qf8 Rf6 35. Qh8+ Kg6 36. Rg8 Qd1+ 37. Kh2 Qxd4 38. Qxg7+ Kh5 39. f3
Qf4+ 40. Kh1 Rg6 41. Qh7 d4 42. Rxg6 fxg6 43. Qe7 g5 44. Qe8+ Kh4 45. Qe1+ Qg3
46. Qe4+ 1/2-1/2

[Event "Copa Latinoamericana de Ajedrez 2011"]
[Site "Montevideo URU"]
[Date "2011.11.03"]
[Round "4.32"]
[White "Hernandez, Alexander"]
[Black "Arean, Martin"]
[Result "1-0"]
[WhiteElo "2258"]
[BlackElo "2066"]
[PlyCount "77"]
[EventDate "2011.11.01"]
[EventType "swiss"]
[EventRounds "9"]
[EventCountry "URU"]
[Source "lmi"]
[SourceDate "2011.11.01"]

1. e4 c5 2. Nf3 d6 3. d4 cxd4 4. Nxd4 Nf6 5. Nc3 a6 6. g3 e5 7. Nde2 Be7 8. Bg2
Nbd7 9. a4 b6 10. b3 Bb7 11. g4 Nc5 12. Ng3 g6 13. O-O Rc8 14. Nd5 Nxd5 15.
exd5 a5 16. f4 Bf6 17. g5 Bg7 18. f5 Rc7 19. f6 Bf8 20. c4 Bc8 21. h4 h6 22. h5
hxg5 23. hxg6 fxg6 24. Qc2 Kf7 25. Ne4 Bf5 26. Nxg5+ Kxf6 27. Be4 Nxe4 28. Qxe4
Kg7 29. Rxf5 gxf5 30. Ne6+ Kf6 31. Bg5+ Kg6 32. Bxd8 fxe4 33. Nxf8+ Rxf8 34.
Bxc7 e3 35. Bxd6 Rf5 36. Re1 Rg5+ 37. Kf1 Rf5+ 38. Ke2 Rf2+ 39. Kxe3 1-0

[Event "Copa Latinoamericana de Ajedrez 2011"]
[Site "Montevideo URU"]
[Date "2011.11.03"]
[Round "4.33"]
[White "Menna Barreto, Felipe Kubiaki"]
[Black "Meyer Monsalver, Ewald"]
[Result "1-0"]
[WhiteElo "2244"]
[BlackElo "2060"]
[PlyCount "85"]
[EventDate "2011.11.01"]
[EventType "swiss"]
[EventRounds "9"]
[EventCountry "URU"]
[Source "lmi"]
[SourceDate "2011.11.01"]

1. d4 e6 2. c4 f5 3. g3 Nf6 4. Bg2 d5 5. Nf3 Be7 6. O-O c6 7. b3 O-O 8. Ba3
Nbd7 9. Qc1 Ne4 10. Bxe7 Qxe7 11. Na3 Rb8 12. Qb2 Ng5 13. Nxg5 Qxg5 14. f4 Qg6
15. Nc2 Nf6 16. Ne1 Ng4 17. Nf3 Rd8 18. Qc3 Bd7 19. h3 Nf6 20. Ne5 Qh5 21. Qf3
Be8 22. g4 fxg4 23. hxg4 Qh4 24. Qh3 Qxh3 25. Bxh3 dxc4 26. g5 Ne4 27. Bxe6+
Kf8 28. e3 c3 29. Kg2 c5 30. d5 Bb5 31. Rh1 Be8 32. Rxh7 b5 33. Rh8+ Ke7 34.
Rg8 g6 35. Rg7+ Kd6 36. Rxa7 Rb6 37. Bf7 Rd7 38. Nxd7 Bxd7 39. Bxg6 Nd2 40. e4
Bg4 41. Kg3 Bf3 42. Bf5 c4 43. b4 1-0

[Event "Copa Latinoamericana de Ajedrez 2011"]
[Site "Montevideo URU"]
[Date "2011.11.03"]
[Round "4.34"]
[White "El Ters, Antouan"]
[Black "Garcia Silveira, Luis"]
[Result "1-0"]
[WhiteElo "2240"]
[BlackElo "2053"]
[PlyCount "92"]
[EventDate "2011.11.01"]
[EventType "swiss"]
[EventRounds "9"]
[EventCountry "URU"]
[Source "lmi"]
[SourceDate "2011.11.01"]

1. e4 c5 2. Nf3 d6 3. d4 cxd4 4. Nxd4 Nf6 5. Nc3 a6 6. Bg5 e6 7. Qd2 h6 8. Be3
Ng4 9. Bd3 Nc6 10. Nxc6 bxc6 11. Bf4 d5 12. O-O g5 13. Bg3 h5 14. Qe2 d4 15.
Nd1 Bg7 16. e5 Bb7 17. h3 h4 18. Qxg4 hxg3 19. Qxg3 Rh4 20. f3 Rf4 21. Re1 Qa5
22. Nf2 Bxe5 23. Qxg5 Bc7 24. Qxa5 Bxa5 25. Re2 Ke7 26. b4 Bb6 27. Be4 d3 28.
Bxd3 Rg8 29. Kf1 Rxb4 30. a3 Bd4 31. Re4 Ra4 32. Rb1 Ba8 33. c3 c5 34. Rh4 Rxa3
35. cxd4 Ra4 36. Rg4 Rxg4 37. hxg4 cxd4 38. Be4 Bxe4 39. Nxe4 e5 40. Rb7+ Ke8
41. Nd6+ Kd8 42. Nxf7+ Kc8 43. Nd6+ Kd8 44. Ke2 Ra2+ 45. Kd3 Ra3+ 46. Ke4 d3
1-0

[Event "Copa Latinoamericana de Ajedrez 2011"]
[Site "Montevideo URU"]
[Date "2011.11.03"]
[Round "4.36"]
[White "Bustelo, Tabare"]
[Black "Hernandez Riera, Jose"]
[Result "1-0"]
[WhiteElo "2091"]
[BlackElo "2225"]
[PlyCount "69"]
[EventDate "2011.11.01"]
[EventType "swiss"]
[EventRounds "9"]
[EventCountry "URU"]
[Source "lmi"]
[SourceDate "2011.11.01"]

1. Nc3 d5 2. e4 e6 3. d4 dxe4 4. Nxe4 Bd7 5. Nf3 Bc6 6. Bd3 Nd7 7. Qe2 Be7 8.
Bf4 Ngf6 9. O-O Nxe4 10. Bxe4 Bxe4 11. Qxe4 c6 12. c4 O-O 13. b3 Re8 14. Rad1
Qa5 15. Qc2 Nf6 16. Rfe1 Rad8 17. Bd2 Qb6 18. Bc3 Bb4 19. h3 Bxc3 20. Qxc3 Qc7
21. Qe3 Rd6 22. Rd2 Red8 23. Red1 Qa5 24. Qf4 h6 25. g4 c5 26. dxc5 Rxd2 27.
Rxd2 Rxd2 28. Nxd2 Qxa2 29. b4 Qa3 30. Qb8+ Kh7 31. Qxb7 Qxh3 32. Qf3 Qh4 33.
Qe3 g6 34. Qg3 Qg5 35. f4 1-0

[Event "Copa Latinoamericana de Ajedrez 2011"]
[Site "Montevideo URU"]
[Date "2011.11.03"]
[Round "4.38"]
[White "Perez Gormaz, Matias"]
[Black "Ulaneo, Matias"]
[Result "1-0"]
[WhiteElo "2216"]
[BlackElo "2036"]
[PlyCount "77"]
[EventDate "2011.11.01"]
[EventType "swiss"]
[EventRounds "9"]
[EventCountry "URU"]
[Source "lmi"]
[SourceDate "2011.11.01"]

1. e4 e6 2. d4 d5 3. Nc3 Bb4 4. e5 c5 5. a3 Bxc3+ 6. bxc3 Qa5 7. Bd2 Qa4 8. Qg4
g6 9. h4 Qxc2 10. h5 Nc6 11. hxg6 fxg6 12. Rc1 Qf5 13. Qg3 Qe4+ 14. Be3 Nge7
15. Nf3 Nf5 16. Qg5 Nxe3 17. fxe3 Ne7 18. Rh4 h6 19. Rxh6 Rxh6 20. Qxh6 Nf5 21.
Bb5+ Kd8 22. Qg5+ Kc7 23. Ke2 c4 24. g4 a6 25. Ba4 b5 26. gxf5 bxa4 27. Qe7+
Kb6 28. f6 Qf5 29. f7 Bd7 30. Qxd7 Rh8 31. Qd6+ Kb7 32. Qe7+ Kb6 33. Qf6 Qg4
34. Rb1+ Ka5 35. Qxh8 Qg2+ 36. Ke1 Qg3+ 37. Kd2 Qf2+ 38. Kc1 Qxe3+ 39. Kb2 1-0

[Event "Copa Latinoamericana de Ajedrez 2011"]
[Site "Montevideo URU"]
[Date "2011.11.03"]
[Round "4.39"]
[White "Cordero, Daniela"]
[Black "Piñeiro, Dario"]
[Result "1-0"]
[WhiteElo "2062"]
[BlackElo "2198"]
[PlyCount "91"]
[EventDate "2011.11.01"]
[EventType "swiss"]
[EventRounds "9"]
[EventCountry "URU"]
[Source "lmi"]
[SourceDate "2011.11.01"]

1. d4 f5 2. Nf3 Nf6 3. c4 d6 4. Nc3 g6 5. b4 Bg7 6. Qb3 O-O 7. e3 Qe8 8. c5+
Kh8 9. Bc4 e6 10. Nb5 Qe7 11. O-O Ne4 12. Bb2 d5 13. Bd3 g5 14. Qc2 Nc6 15. Bc3
a6 16. Na3 Nxc3 17. Qxc3 g4 18. Nd2 e5 19. Nc2 Rf6 20. Rfe1 Rh6 21. Nf1 Bd7 22.
b5 axb5 23. Bxb5 Rf8 24. Bxc6 Bxc6 25. a4 f4 26. exf4 Rxf4 27. Qd2 Rf8 28. dxe5
Qxc5 29. Nd4 Qe7 30. Nxc6 bxc6 31. Qd4 Re6 32. Qxg4 Rxe5 33. Rxe5 Qxe5 34. Ra2
d4 35. a5 Ra8 36. a6 h6 37. Re2 Qg5 38. Qd7 Qa5 39. Re8+ Rxe8 40. Qxe8+ Kh7 41.
Qxc6 d3 42. Qe4+ Kh8 43. Qxd3 c5 44. Qd6 c4 45. Qb8+ Kh7 46. a7 1-0

[Event "Copa Latinoamericana de Ajedrez 2011"]
[Site "Montevideo URU"]
[Date "2011.11.03"]
[Round "4.40"]
[White "Escofet, Jaime"]
[Black "Chadwick, Norman"]
[Result "0-1"]
[WhiteElo "2056"]
[BlackElo "2196"]
[PlyCount "94"]
[EventDate "2011.11.01"]
[EventType "swiss"]
[EventRounds "9"]
[EventCountry "URU"]
[Source "lmi"]
[SourceDate "2011.11.01"]

1. d4 Nf6 2. Nf3 c5 3. e3 e6 4. Bd3 b6 5. O-O Bb7 6. Nbd2 Be7 7. b3 O-O 8. Bb2
d6 9. Qe2 a6 10. Rfd1 Nbd7 11. a4 Re8 12. e4 cxd4 13. Nxd4 Ne5 14. Nf1 Bf8 15.
Ng3 Nfd7 16. Nf3 Nxd3 17. Qxd3 Rc8 18. Rac1 Qc7 19. Qe3 h6 20. h3 e5 21. Nd2 g6
22. h4 h5 23. Nf3 f6 24. c4 Kh7 25. Rc3 Nc5 26. Ba3 Ne6 27. Rcd3 Red8 28. Qe1
Rd7 29. Bc1 Nc5 30. Rc3 Qc6 31. Be3 Nxe4 32. Nxe4 Qxe4 33. Bxb6 Qc6 34. a5 d5
35. Rcc1 d4 36. Qf1 Qe6 37. Qd3 Qg4 38. Ne1 Bh6 39. Ra1 Qxh4 40. Qh3 Qxh3 41.
gxh3 Bf8 42. f4 Be4 43. fxe5 fxe5 44. Ra2 d3 45. Rf2 Bh6 46. Nf3 Bxf3 47. Rxf3
e4 0-1

[Event "Copa Latinoamericana de Ajedrez 2011"]
[Site "Montevideo URU"]
[Date "2011.11.03"]
[Round "4.41"]
[White "Fell, Sebastian"]
[Black "Vaz, Leonardo"]
[Result "1-0"]
[WhiteElo "2194"]
[BlackElo "2014"]
[PlyCount "71"]
[EventDate "2011.11.01"]
[EventType "swiss"]
[EventRounds "9"]
[EventCountry "URU"]
[Source "lmi"]
[SourceDate "2011.11.01"]

1. e4 e6 2. d4 d5 3. Nc3 Bb4 4. Nge2 c5 5. exd5 Qxd5 6. a3 Bxc3+ 7. Nxc3 Qxd4
8. Qxd4 cxd4 9. Nb5 Na6 10. Nxd4 Nf6 11. Be2 O-O 12. c4 e5 13. Nb5 Nc5 14. Be3
b6 15. b4 Ne6 16. O-O Ba6 17. Nd6 Rad8 18. Rfd1 Nd4 19. Bxd4 Rxd6 20. Bxe5 Re6
21. f4 Ne4 22. Bf3 f5 23. Rac1 Bc8 24. Rd4 g5 25. g3 gxf4 26. Bxf4 Kg7 27. c5
bxc5 28. bxc5 Bb7 29. Rd7+ Rf7 30. Rxb7 Rxb7 31. c6 Rxc6 32. Rxc6 Rb1+ 33. Kg2
Rb2+ 34. Kh3 Rb7 35. Bxe4 fxe4 36. Re6 1-0

[Event "Copa Latinoamericana de Ajedrez 2011"]
[Site "Montevideo URU"]
[Date "2011.11.03"]
[Round "4.42"]
[White "Rezende Vilela, Guilherme"]
[Black "Jodorcovsky Werjivker, Paulo"]
[Result "1-0"]
[WhiteElo "2050"]
[BlackElo "2194"]
[PlyCount "75"]
[EventDate "2011.11.01"]
[EventType "swiss"]
[EventRounds "9"]
[EventCountry "URU"]
[Source "lmi"]
[SourceDate "2011.11.01"]

1. d4 d5 2. Nf3 Nf6 3. c4 e6 4. Nc3 Bb4 5. Bg5 Nbd7 6. e3 c5 7. a3 Bxc3+ 8.
bxc3 Qa5 9. Qc2 Ne4 10. Bf4 Qxc3+ 11. Qxc3 Nxc3 12. Rc1 Ne4 13. Nd2 Nxd2 14.
Kxd2 cxd4 15. exd4 dxc4 16. Bxc4 O-O 17. Bd6 Re8 18. Bb5 a6 19. Ba4 b5 20. Bb3
Nf6 21. Rhe1 Bb7 22. f3 Rac8 23. Rc5 Bd5 24. Bxd5 Nxd5 25. Rec1 Rxc5 26. dxc5
Rc8 27. Kd3 Rc6 28. g4 f6 29. f4 Kf7 30. Ke4 Ne7 31. Bxe7 Kxe7 32. f5 Kd7 33.
Kd4 Rc8 34. fxe6+ Kxe6 35. Re1+ Kd7 36. Kd5 a5 37. Re4 Re8 38. c6+ 1-0

[Event "Copa Latinoamericana de Ajedrez 2011"]
[Site "Montevideo URU"]
[Date "2011.11.03"]
[Round "4.45"]
[White "Carbone, Diego"]
[Black "Ovalles, Otto"]
[Result "1-0"]
[WhiteElo "2030"]
[BlackElo "2175"]
[PlyCount "119"]
[EventDate "2011.11.01"]
[EventType "swiss"]
[EventRounds "9"]
[EventCountry "URU"]
[Source "lmi"]
[SourceDate "2011.11.01"]

1. Nf3 Nf6 2. c4 e6 3. g3 b6 4. Bg2 Bb7 5. d4 Bb4+ 6. Bd2 a5 7. O-O O-O 8. Bf4
Be7 9. Nc3 Na6 10. Rc1 Ne4 11. Nb5 c6 12. Nd2 Nxd2 13. Qxd2 d5 14. cxd5 exd5
15. Nc3 Qd7 16. Na4 Bd8 17. b3 Re8 18. Rfd1 b5 19. Nb2 Bb6 20. Be3 Qe7 21. Nd3
Rad8 22. Bf3 f6 23. Qb2 Qf8 24. Qd2 Qe7 25. Bh5 g6 26. Bf3 Bc7 27. Kg2 Ra8 28.
h4 Bd6 29. Bf4 Ba3 30. Rc2 Nb4 31. Nxb4 Bxb4 32. Qc1 Qe6 33. Rd3 Qd7 34. Re3
Bf8 35. Rec3 Re6 36. Bg4 f5 37. Bf3 Bg7 38. e3 Bf8 39. h5 Rd8 40. Rd3 Qg7 41.
hxg6 hxg6 42. Rd1 Be7 43. Rh1 Bf6 44. Bh6 Qe7 45. Qd2 b4 46. Rc5 Ra8 47. Be2
Qd7 48. Bd3 Be7 49. Rcc1 Ba6 50. Bf4 Bxd3 51. Qxd3 Kg7 52. Be5+ Bf6 53. f4 Ree8
54. Qc2 Bxe5 55. fxe5 Rac8 56. Qc5 Qe7 57. Kf3 Qg5 58. Rh4 Rh8 59. Qa7+ Kg8 60.
Rxh8+ 1-0

[Event "Copa Latinoamericana de Ajedrez 2011"]
[Site "Montevideo URU"]
[Date "2011.11.03"]
[Round "4.46"]
[White "Guerrero, Alvaro"]
[Black "Ligato, Guillermo"]
[Result "1-0"]
[WhiteElo "2170"]
[BlackElo "1789"]
[PlyCount "43"]
[EventDate "2011.11.01"]
[EventType "swiss"]
[EventRounds "9"]
[EventCountry "URU"]
[Source "lmi"]
[SourceDate "2011.11.01"]

1. d4 e6 2. c4 Bb4+ 3. Nc3 c5 4. d5 Bxc3+ 5. bxc3 Qh4 6. e3 d6 7. Nf3 Qf6 8.
Rb1 Ne7 9. Bd3 Qxc3+ 10. Kf1 e5 11. Ng5 Bf5 12. e4 Bg4 13. f3 Bc8 14. Rb5 Qa1
15. Qd2 h6 16. Nh3 Bxh3 17. gxh3 Nf5 18. exf5 Nd7 19. Rb1 Qd4 20. Bb2 Qh4 21.
Qg2 O-O-O 22. Qg3 1-0

[Event "Copa Latinoamericana de Ajedrez 2011"]
[Site "Montevideo URU"]
[Date "2011.11.03"]
[Round "4.47"]
[White "Lopez Azambuja, Nicolas"]
[Black "Blixen, Federico"]
[Result "1/2-1/2"]
[WhiteElo "2166"]
[BlackElo "2131"]
[PlyCount "161"]
[EventDate "2011.11.01"]
[EventType "swiss"]
[EventRounds "9"]
[EventCountry "URU"]
[Source "lmi"]
[SourceDate "2011.11.01"]

1. d4 Nf6 2. c4 e6 3. Nc3 Bb4 4. Qc2 d5 5. cxd5 exd5 6. Bg5 h6 7. Bxf6 Qxf6 8.
a3 Bxc3+ 9. Qxc3 c6 10. e3 O-O 11. Nf3 Bf5 12. Be2 Nd7 13. b4 Rac8 14. O-O Qd6
15. Rfc1 Be4 16. Nd2 Bg6 17. Nb3 Nf6 18. Nc5 Ne4 19. Qe1 Nxc5 20. Rxc5 f5 21.
g3 Be8 22. Rac1 Bd7 23. Qd2 g5 24. f4 g4 25. Bf1 Rce8 26. Bg2 a6 27. a4 Re6 28.
Kf2 Rfe8 29. Re1 Kg7 30. Qb2 Qe7 31. Rc3 h5 32. b5 axb5 33. axb5 h4 34. Qa3
Qxa3 35. Rxa3 hxg3+ 36. hxg3 R8e7 37. Ra7 Be8 38. Ra3 Rd6 39. b6 Bd7 40. Bf1
Bc8 41. Ra8 Rd8 42. Bd3 Kg6 43. Rh1 Rde8 44. Ra3 Kf6 45. Bc2 Be6 46. Rh5 Bc8
47. Rh6+ Kg7 48. Rh4 Kf6 49. Rh1 Kg6 50. Bd1 Be6 51. Ra7 Bc8 52. Ra8 Bd7 53.
Ra3 Bc8 54. Ke2 Rh7 55. Rxh7 Kxh7 56. Ra7 Kg6 57. Bc2 Rh8 58. Ra8 Kf6 59. Bd3
Kg7 60. Kf2 Rh2+ 61. Kg1 Rh8 62. Kg2 Be6 63. Ra7 Rb8 64. Kf2 Kf6 65. Ke2 Ke7
66. Kd2 Kd6 67. Ra5 Rh8 68. Kc3 Rh3 69. Ra7 Bc8 70. Ra8 Bd7 71. Rb8 Rxg3 72.
Rxb7 Rxe3 73. Rb8 Re8 74. Rxe8 Bxe8 75. Bxf5 g3 76. Bh3 Bg6 77. Kb4 Bf5 78. Bf1
Bd3 79. Bh3 Bf5 80. Bf1 Bd3 81. Bh3 1/2-1/2